000 00444nam a22001457a 4500
005 20180721110031.0
020 _a8170999405
_c00.00
035 _aB-160893,B-160890
037 _aDPL
_bENG
245 _aRural banking and overdues management /
_cedited by A. Ranga Reddy
260 _aNew Delhi
_bMittal Publications
_c200?
300 _axii, 262p.
_c20 cms.
700 _a Reddy, A. Ranga
_91327
942 _2ddc
_cEN
_h332.1
_mRUR
999 _c66346
_d66346